Statistics for U.S. National Parks by Picture

Click here to take the quiz!

General Stats

  • This quiz has been taken 8 times
  • The average score is 13 of 15

Answer Stats

Answer% Correct
Badlands
100%
Everglades
100%
Grand Canyon
100%
Grand Teton
100%
Great Smoky Mountains
100%
Zion
100%
Crater Lake
88%
Death Valley
88%
Rocky Mountain
88%
Shenandoah
88%
Yosemite
88%
Canyonlands
75%
Mount Rainier
75%
Olympic
75%
Kings Canyon
63%

Score Distribution

Percentile by Number Answered

Percent of People with Each Score

Your Score History

You have not taken this quiz